Brazing and Soldering of Metals (Record no. 58787)

MARC details
000 -LEADER
fixed length control field 00406pam a2200157 a 4500
020 ## - INTERNATIONAL STANDARD BOOK NUMBER
Terms of availability
041 ## - LANGUAGE CODE
Language code of text/sound track or separate title eng
082 ## - DEWEY DECIMAL CLASSIFICATION NUMBER
Classification number 671
Item number LAS/LAS
100 ## - MAIN ENTRY--PERSONAL NAME
Personal name Lashko N.
245 ## - TITLE STATEMENT
Title Brazing and Soldering of Metals
Medium Donate Books
260 ## - PUBLICATION, DISTRIBUTION, ETC.
Place of publication, distribution, etc. Moscow:
Name of publisher, distributor, etc. MIR Publishers.,
Date of publication, distribution, etc. 1979.
300 ## - PHYSICAL DESCRIPTION
Extent 344:
Other physical details p.b.;
Dimensions 22*14.
653 ## - INDEX TERM--UNCONTROLLED
Uncontrolled term Metalworking & primary metal products
700 ## - ADDED ENTRY--PERSONAL NAME
Personal name Lashko S.,
Relator term author.
930 ## - EQUIVALENCE OR CROSS-REFERENCE-UNIFORM TITLE HEADING [LOCAL, CANADA]
Uniform title 15566
Holdings
Withdrawn status Lost status Damaged status Not for loan Collection Home library Current library Shelving location Date acquired Source of acquisition Total Checkouts Full call number Barcode Date last seen Copy number Price effective from Koha item type
        EWP College of Engineering for Women, Pune College of Engineering for Women, Pune D-DON-1 27/02/2015 Smt. Gogate   671 LAS/LAS EWP-D161 24/02/2023 1 24/02/2023 Book